| 000 | 00626nam a2200205 a 4500 | ||
|---|---|---|---|
| 005 | 20140310183242.0 | ||
| 008 | 040805s19uu xx 00 eng d | ||
| 020 | _a0471202185 | ||
| 050 |
_aHF 6146.B74 _b.Oa16 2002 |
||
| 100 | _aOakner, Larry | ||
| 245 |
_aAnd now a few laughs from our sponsor : _bthe best of fifty years of radio commercials. / |
||
| 260 |
_aNew York : _bJohn Wiley & Sons, Inc, _c2002. |
||
| 300 |
_a212 p.: _bill. ; _c24 cm. |
||
| 500 | _aIncludes index, with CD. | ||
| 521 | _aMC | ||
| 650 | _aBroadcast advertising. | ||
| 650 | _aHumor in advertising. | ||
| 942 |
_cBK _2lcc _kFOR |
||
| 999 |
_c20630 _d20630 |
||